The verb form of the imperative construction δότε αὐτῷ δόξαν in Revelation 14:7 : (Record no. 25247)

MARC details
000 -LEADER
fixed length control field 00643nam a22001697a 4500
003 - CONTROL NUMBER IDENTIFIER
control field AUA.1
005 - DATE AND TIME OF LATEST TRANSACTION
control field 20251119150123.0
008 - FIXED-LENGTH DATA ELEMENTS--GENERAL INFORMATION
fixed length control field 251119b |||||||| |||| 00| 0 eng d
040 ## - CATALOGING SOURCE
Transcribing agency JTL
100 ## - MAIN ENTRY--PERSONAL NAME
Personal name Mpofu, Obvious Bukhos
245 ## - TITLE STATEMENT
Title The verb form of the imperative construction δότε αὐτῷ δόξαν in Revelation 14:7 :
Remainder of title a verbal aspect theory and systemic-functional linguistic approach /
Statement of responsibility, etc Obvious Bukhos Mpofu.
260 ## - PUBLICATION, DISTRIBUTION, ETC. (IMPRINT)
Place of publication, distribution, etc c2024.
300 ## - PHYSICAL DESCRIPTION
Extent ix, 107 leaves :
Dimensions 30 cm.
650 ## - SUBJECT ADDED ENTRY--TOPICAL TERM
Topical term or geographic name as entry element Glory
Form subdivision Religious aspects
General subdivision Christianity
650 ## - SUBJECT ADDED ENTRY--TOPICAL TERM
Topical term or geographic name as entry element Glory of God
Form subdivision Christianity
942 ## - ADDED ENTRY ELEMENTS (KOHA)
Source of classification or shelving scheme AUA Inhouse Classification
Koha item type Thesis
Classification part MABTS
Item part .M66 2024
Holdings
Withdrawn status Lost status Source of classification or shelving scheme Damaged status Not for loan Collection code Home library Current library Shelving location Date acquired Source of acquisition Cost, normal purchase price Serial Enumeration / chronology Total Checkouts Full call number Barcode Date last seen Cost, replacement price Price effective from Koha item type
    Library of Congress Classification     JTL Research Collection Judith Thomas Library Judith Thomas Library Judith Thomas Library Research Section 19/11/2025 Theological Seminary 25.00 AUA27890   MABTS .M66 2024 AUA27890 19/11/2025 25.00 19/11/2025 Thesis